Speed Type Numbers 100 to 1 in 25 Seconds - Statistics

General Stats
  • This quiz has been taken 233 times
  • The average score is 23 of 100
Answer Stats
Number % Correct
100
100%
99
92%
98
91%
97
85%
96
84%
94
83%
95
83%
93
81%
92
79%
91
78%
90
73%
88
70%
89
70%
87
69%
84
68%
85
68%
86
68%
82
64%
83
64%
81
63%
80
57%
79
54%
78
53%
77
47%
76
43%
74
39%
75
39%
73
38%
72
37%
71
36%
70
31%
69
28%
67
24%
68
24%
66
19%
64
18%
65
18%
62
15%
63
15%
61
14%
60
10%
59
7%
58
6%
50
5%
51
5%
52
5%
53
5%
54
5%
55
5%
56
5%
57
5%
49
4%
1
2%
44
2%
45
2%
46
2%
47
2%
48
2%
2
1%
35
1%
36
1%
37
1%
38
1%
39
1%
40
1%
41
1%
42
1%
43
1%
10
0%
11
0%
12
0%
13
0%
14
0%
15
0%
16
0%
17
0%
18
0%
19
0%
20
0%
21
0%
22
0%
23
0%
24
0%
25
0%
26
0%
27
0%
28
0%
29
0%
3
0%
30
0%
31
0%
32
0%
33
0%
34
0%
4
0%
5
0%
6
0%
7
0%
8
0%
9
0%
No matching quizzes found
Score Distribution
Percent of People with Each Score
Percentile by Number Answered
Your Score History
You have not taken this quiz